000 00552nam a22001457a 4500
008 160210b xxu||||| |||| 00| 0 eng d
050 _aPN5499.R6 G3
100 _aGale, William Daniel
_922052
245 _aThe Rhodesian press
_bThe history of the Rhodesian printing and publishing company LTD.
_cWilliam Daniel Gale
260 _aSalisbury
_bThe Rhodesian printing and publishing co. ltd.
_c1962
300 _a225p. ;
_c22cm.
650 _aRhodesian printing and publishing company
_922189
650 _aPress
_zZimbabwe
_93829
942 _2lcc
_cMONOGRAPH
999 _c124134
_d124134